| 000 | 00000nam 2200000zi 4500 |
| 001 | 9.913866 |
| 003 | CaOODSP |
| 005 | 20230413120545 |
| 006 | m o d f |
| 007 | cr cn||||||||| |
| 008 | 220727t20232023onca ob f000 0 eng d |
| 020 | |a9780660447551 |
| 040 | |aCaOODSP|beng|erda|cCaOODSP |
| 043 | |an-cn--- |
| 086 | 1 |aA59-90/2022E-PDF |
| 245 | 00|aCow patty critters : |ban introduction to the ecology, biology and identification of insects in cattle dung on Canadian pastures. |
| 264 | 1|a[Ottawa] : |bAgriculture and Agri-Food Canada = Agriculture et Agroalimentaire Canada, |c[2023] |
| 264 | 4|c©2023 |
| 300 | |a1 online resource (v, 218 pages) : |billustrations |
| 336 | |atext|btxt|2rdacontent |
| 337 | |acomputer|bc|2rdamedia |
| 338 | |aonline resource|bcr|2rdacarrier |
| 500 | |aIssued also in French under title: Ces bestioles qui raffolent de la bouse : introduction à l'écologie, à la biologie et à l'identification des insectes présents dans la bouse des bovins en pâturage au Canada. |
| 504 | |aIncludes bibliographical references (pages 167-218). |
| 650 | 0|aCows|xFeces|zCanada. |
| 650 | 0|aInsects|zCanada. |
| 710 | 1 |aCanada. |bAgriculture and Agri-Food Canada, |eissuing body. |
| 775 | 08|tCes bestioles qui raffolent de la bouse : |w(CaOODSP)9.913867 |
| 776 | 0#|tCow patty critters : |w(CaOODSP)9.914171 |
| 856 | 40|qPDF|s8.91 MB|uhttps://publications.gc.ca/collections/collection_2023/aac-aafc/A59-90-2022-eng.pdf |
| 986 | |a13130E |